Entre telas y vestidos : y otros relatos autobiográficos /
সংরক্ষণ করুন:
| প্রধান লেখক: | |
|---|---|
| সংস্থা লেখক: | |
| বিন্যাস: | বৈদ্যুতিক কনফারেন্স প্রসিডিং বৈদ্যুতিন গ্রন্থ |
| ভাষা: | স্প্যানিশ |
| প্রকাশিত: |
Cali, Valle del Cauca, Colombia :
Programa Editorial Universidad Autónoma de Occidente,
2021.
|
| বিষয়গুলি: | |
| অনলাইন ব্যবহার করুন: | Digitalia Hispánica |
| ট্যাগগুলো: |
ট্যাগ যুক্ত করুন
কোনো ট্যাগ নেই, প্রথমজন হিসাবে ট্যাগ করুন!
|
MARC
| LEADER | 00000nam a2200000Ii 4500 | ||
|---|---|---|---|
| 001 | DIGUAOCCTE0077 | ||
| 003 | NyNyDIG | ||
| 008 | 230811s2021 ck o o 100 0 spa d | ||
| 006 | m o d | ||
| 007 | cr ||||||||||| | ||
| 035 | |a (OCoLC)1319075403 | ||
| 040 | |a DGITA |b eng |e rda |e pn |c DGITA | ||
| 020 | |a 9789586190961 |q eBook | ||
| 043 | |a s-ck--- | ||
| 050 | 1 | 4 | |a CT189 ebook |
| 111 | 2 | |a Concurso de Relato Autobiográfico Breve |n (3rd : |d 2021 : |c Colombia), |j author. | |
| 245 | 1 | 0 | |a Entre telas y vestidos : |b y otros relatos autobiográficos / |c Ingrid Vanessa Murillo Moncayo [and 5 others]. |
| 264 | 1 | |a Cali, Valle del Cauca, Colombia : |b Programa Editorial Universidad Autónoma de Occidente, |c 2021. | |
| 300 | |a 1 online resource : |b photographs. | ||
| 336 | |a text |b txt |2 rdacontent | ||
| 337 | |a computer |b c |2 rdamedia | ||
| 338 | |a online resource |b cr |2 rdacarrier | ||
| 347 | |a text file |2 rdaft | ||
| 347 | |b PDF | ||
| 588 | 0 | |a Online resource; title from PDF title page (Digitalia, viewed August 11, 2023) | |
| 650 | 0 | |a Autobiographies |v Congresses. | |
| 650 | 0 | |a College students |z Colombia |v Biography. | |
| 700 | 1 | |a Murillo Moncayo, Ingrid Vanessa, |e author. | |
| 791 | 2 | |a Digitalia (Firm), |e distributor. | |
| 793 | 0 | |g Digitalia eBook Collection: |a Universidad Autónoma de Occidente | |
| 776 | 0 | 8 | |i Print version: |a Concurso de Relato Autobiográfico Breve (3rd : 2021 : Colombia) |t Entre telas y vestidos. |b Primera edición. |d Cali, Valle del Cauca, Colombia : Programa Editorial Universidad Autónoma de Occidente, [2021] |
| 856 | 4 | 0 | |3 Digitalia Hispánica |u https://digitalia.unach.elogim.com/a/115675/ |
| 910 | |a Premium collection: 2023 | ||